01194nam a2200253Ia 4500001028400000002005100284008003700335010001100372530002200383583001500405650003000420650005800450650003100508650003500539650007100574650003500645650004500680650002900725700004400754700005200798700005200850942001900902999001900921IA_From the analysis of results achieved to know that: grain yield is negatively correlated with speed of emergence (r = -0.55, P, ? 0.01) and cooking time (r = -0.44, P, ? 0.005) and correlation with field performance of pot yield was 0.32 without reaching statistical significance.CORRELACION ENTRE RENDIMIENTO, GERMINACION Y TIEMP220117s xx 000 0 und d a184815 aDisponible en PDF a1 ej. imp. aBeansxAnalysis 9157869 aBeansxChemical compositionxHeat treatment 9148342 aBeansxVarieties 9148343 aFrijolesxAnálisis 9148344 aFrijolesxComposición químicaxTratamiento térmico 9148345 aFrijolesxVariedades 9148346 aGerminación de las semillas 9157870 aSeed germination9157871 aGómez Cruz, Adalberto, asesor9163670 aMondragón Pedrero, Guillermo, asesor 9163727 aSerrano Covarrubias, Luis Manuel, dir. 9157872 cTESIS E87 2010 c184815d184815